Anuario estadístico 1996
Kaydedildi:
| Müşterek Yazar: | |
|---|---|
| Materyal Türü: | Kitap |
| Dil: | İspanyolca |
| Baskı/Yayın Bilgisi: |
Santiago
Secretaría General del Consejo de Rectores
1996
|
| Konular: | |
| Etiketler: |
Etiketle
Etiket eklenmemiş, İlk siz ekleyin!
|
MARC
| LEADER | 00000nam a2200000 a 4500 | ||
|---|---|---|---|
| 001 | UCR0406 | ||
| 003 | CL-VaPUC | ||
| 008 | 971205e19960000CL |||||||||||||||||spa|d | ||
| 082 | 0 | 4 | |a 378.83 |b CON |2 21 |
| 110 | 2 | |a Consejo de Rectores Universidades Chilenas |e author |9 396014 | |
| 245 | 1 | 0 | |a Anuario estadístico 1996 |
| 300 | |a 367 p | ||
| 942 | |c BK | ||
| 945 | |d 19971205 00:00:00 |a jquezada | ||
| 260 | |a Santiago |b Secretaría General del Consejo de Rectores |c 1996 | ||
| 650 | 0 | |a Anuarios |9 258977 | |
| 650 | 0 | |a Universidades |9 256317 | |
| 650 | 0 | |a Estadísticas educacionales |9 331921 | |
| 650 | 0 | |a Datos estadísticos |9 329380 | |
| 650 | 0 | |a Educación superior |9 223851 | |
| 583 | |a last modification |c 19971205 00:00:00 |k Rodrigo Vera | ||
| 999 | |c 263930 |d 263928 | ||
| 952 | |0 0 |1 0 |4 0 |6 378_830000000000000_CON_1996 |7 0 |8 P |9 293445 |a BIBEDU |b BIBEDU |c BIBEDU_PB |d 2019-11-19 |i 3381447 |o 378.83 CON 1996 |p 3381447 |r 2024-01-25 |w 2019-11-19 |y BK |k EDU | ||
| 952 | |0 0 |1 0 |4 0 |6 378_830000000000000_CON_1996 |7 0 |8 A |9 293446 |a BIBHIS |b BIBHIS |d 2019-11-19 |i 1203223 |o 378.83 CON 1996 |p 1203223 |r 2025-01-20 |w 2019-11-19 |y BK |k HIS | ||
| 952 | |0 0 |1 0 |4 0 |6 378_830000000000000_CON_1996 |7 0 |8 F |9 293447 |a BIBGIM |b BIBGIM |d 2019-11-19 |i 3996565 |o 378.83 CON 1996 |p 3996565 |r 2025-01-15 |w 2019-11-19 |y BK_F |k GIM | ||